[Event "Bodensee Seniors op"]
[Site "Bregenz"]
[Date "2025.05.30"]
[Round "6"]
[White "Laengl, Juergen"]
[Black "Hinteregger, Arthur"]
[Result "1-0"]
[WhiteElo "2113"]
[BlackElo "1988"]
[PlyCount "81"]
[EventDate "2025.05.25"]
[EventType "swiss"]
[EventRounds "7"]
[EventCountry "AUT"]
[SourceTitle "CB29_2025"]
[SourceDate "2025.07.16"]
[SourceVersion "1"]
[SourceVersionDate "2025.07.16"]
[SourceQuality "1"]

1. d4 e6 2. e4 d5 3. Nc3 Bb4 4. e5 c5 5. a3 Bxc3+ 6. bxc3 Ne7 7. Qg4 Nbc6 8. Qxg7 Rg8 9. Qxh7 cxd4 10. cxd4 Nxd4 11. Qd3 Ndc6 12. f4 Qc7 13. Rb1 Bd7 14. Ne2 Nf5 15. Bd2 0-0-0 16. h3 Kb8 17. g4 Nh4 18. Kf2 d4 19. Qc4 f6 20. exf6 Qd6 21. Ng3 Na5 22. Qe2 Qxa3 23. Qe5+ Ka8 24. Bd3 Nc4 25. Bb4 Nxe5 26. Bxa3 Nxd3+ 27. cxd3 Ng6 28. Nh5 Bc6 29. Rhe1 Bd5 30. Kg3 Nh8 31. Rbc1 Kb8 32. Ng7 Rc8 33. Bd6+ Ka8 34. Be5 b5 35. Bxd4 b4 36. Ra1 Rc7 37. Nxe6 Rb7 38. Nc5 Rb5 39. Na6 Rc8 40. Re7 Rb7 41. Rxb7 1-0

[Event "Bodensee Seniors op"]
[Site "Bregenz"]
[Date "2025.05.26"]
[Round "2"]
[White "Laengl, Juergen"]
[Black "Kull, Martin"]
[Result "0-1"]
[WhiteElo "2113"]
[BlackElo "1936"]
[PlyCount "96"]
[EventDate "2025.05.25"]
[EventType "swiss"]
[EventRounds "7"]
[EventCountry "AUT"]
[SourceTitle "CB29_2025"]
[SourceDate "2025.07.16"]
[SourceVersion "1"]
[SourceVersionDate "2025.07.16"]
[SourceQuality "1"]

1. d4 Nf6 2. Nc3 e6 3. e4 d5 4. Bg5 Be7 5. e5 Ne4 6. Bxe7 Qxe7 7. Nxe4 dxe4 8. c3 c5 9. dxc5 Qxc5 10. Qa4+ Nc6 11. Qxe4 Qxe5 12. Qxe5 Nxe5 13. f4 Ng4 14. Be2 Nf6 15. Nf3 Bd7 16. Ne5 Bc6 17. Nxc6 bxc6 18. Bf3 Kd7 19. c4 Kc7 20. 0-0-0 Rad8 21. c5 Nd5 22. Rd4 Rb8 23. f5 Rb5 24. fxe6 Rxc5+ 25. Kd2 fxe6 26. Re1 Kd6 27. b4 Rb5 28. a3 a5 29. Bg4 e5 30. Rde4 axb4 31. a4 Ra5 32. Bd1 Re8 33. Bb3 c5 34. Rf1 Re7 35. Rf8 Nf6 36. Re1 Raa7 37. h3 Rad7 38. Rc1 Ne4+ 39. Ke3 Nc3 40. Rc2 Kc7 41. Rcf2 e4 42. Rd2 Rxd2 43. Kxd2 e3+ 44. Ke1 e2 45. a5 Rd7 46. Rf7 Rxf7 47. Bxf7 Kc6 48. Be8+ Kb7 0-1

[Event "Wuerttemberg-ch Cand"]
[Site "Lindau"]
[Date "2009.09.02"]
[Round "5"]
[White "Laengl, Juergen"]
[Black "Vaysberg, Alexander"]
[Result "1-0"]
[WhiteElo "2235"]
[BlackElo "2210"]
[PlyCount "95"]
[EventDate "2009.08.29"]
[EventType "swiss"]
[EventRounds "9"]
[EventCountry "GER"]
[SourceTitle "EXT 2023"]
[Source "ChessBase"]
[SourceDate "2022.10.05"]
[SourceVersion "1"]
[SourceVersionDate "2022.10.05"]
[SourceQuality "1"]

1. d4 d5 2. Nc3 Bf5 3. Bg5 h6 4. Bh4 g5 5. Bg3 e6 6. h4 g4 7. h5 Bd6 8. Bxd6 Qxd6 9. e3 Nf6 10. Bd3 Nbd7 11. Nge2 0-0-0 12. Nb5 Qb6 13. a4 Bxd3 14. Qxd3 a6 15. Nbc3 c5 16. a5 Qd6 17. Ng3 Rhg8 18. Na4 Kb8 19. Qc3 cxd4 20. exd4 Rc8 21. Qd2 Qc7 22. c3 Rg5 23. b4 Qc4 24. Rc1 e5 25. Nb2 Qb5 26. Nd3 exd4 27. cxd4 Re8+ 28. Kd1 Ne4 29. Nxe4 dxe4 30. Nc5 Rd5 31. Re1 f5 32. g3 Ne5 33. Kc2 Nf3 34. Qc3 Rxd4 35. Kb3 Red8 36. Re3 Nd2+ 37. Ka2 Rxb4 38. Nxa6+ bxa6 39. Qc7+ Ka8 40. Qxd8+ Qb8 41. Qd5+ Ka7 42. Qc5+ Ka8 43. Qd5+ Ka7 44. Qxd2 Qg8+ 45. Ka3 Rb5 46. Qd7+ Rb7 47. Qd4+ Ka8 48. Rc6 1-0

[Event "Wuerttemberg-ch Cand"]
[Site "Lindau"]
[Date "2009.08.30"]
[Round "2"]
[White "Kohn, Thomas"]
[Black "Laengl, Juergen"]
[Result "1-0"]
[WhiteElo "2000"]
[BlackElo "2235"]
[PlyCount "61"]
[EventDate "2009.08.29"]
[EventType "swiss"]
[EventRounds "9"]
[EventCountry "GER"]
[SourceTitle "EXT 2023"]
[Source "ChessBase"]
[SourceDate "2022.10.05"]
[SourceVersion "1"]
[SourceVersionDate "2022.10.05"]
[SourceQuality "1"]

1. d4 d5 2. Nf3 Nf6 3. c4 e6 4. e3 c6 5. b3 Bb4+ 6. Nbd2 Ne4 7. a3 Bc3 8. Rb1 Nd7 9. Bd3 f5 10. Qc2 Ba5 11. 0-0 0-0 12. b4 Bc7 13. Bb2 g5 14. Rbc1 g4 15. Ne5 Qh4 16. cxd5 exd5 17. g3 Qh3 18. Bxe4 fxe4 19. Nxc6 Bd6 20. Qb3 Rf5 21. Ne5 Rh5 22. Qxd5+ Kh8 23. Rfe1 Qxh2+ 24. Kf1 Be7 25. Qe6 Nxe5 26. Rxc8+ Rxc8 27. Qxc8+ Kg7 28. dxe5 Qh3+ 29. Ke2 Rh6 30. e6+ Kg6 31. Qe8+ 1-0

[Event "Wuerttemberg-ch Cand"]
[Site "Lindau"]
[Date "2009.08.29"]
[Round "1"]
[White "Laengl, Juergen"]
[Black "Zimmermann, Ulrich"]
[Result "1-0"]
[WhiteElo "2235"]
[BlackElo "1965"]
[PlyCount "69"]
[EventDate "2009.08.29"]
[EventType "swiss"]
[EventRounds "9"]
[EventCountry "GER"]
[SourceTitle "EXT 2023"]
[Source "ChessBase"]
[SourceDate "2022.10.05"]
[SourceVersion "1"]
[SourceVersionDate "2022.10.05"]
[SourceQuality "1"]

1. d4 Nf6 2. Nc3 d5 3. Bg5 Bf5 4. f3 c6 5. Qd2 Nbd7 6. 0-0-0 h6 7. Bxf6 Nxf6 8. e4 dxe4 9. Qf4 Qa5 10. fxe4 Bg4 11. Nf3 e6 12. Bc4 Bb4 13. Rd3 Bxf3 14. Qxf3 Qg5+ 15. Kb1 0-0 16. e5 Nd5 17. Ne4 Qf4 18. Qe2 b5 19. Rf3 Qg4 20. Bxd5 cxd5 21. Nf6+ gxf6 22. Rg3 Qxg3 23. hxg3 Rfc8 24. Rxh6 fxe5 25. Qg4+ Kf8 26. dxe5 a5 27. Rh7 Ke8 28. Qg8+ Kd7 29. Qxf7+ Kc6 30. c3 Bf8 31. Qxe6+ Kc5 32. Rd7 b4 33. Qxd5+ Kb6 34. Rb7+ Ka6 35. Qb5# 1-0

[Event "Seefeld op 14th"]
[Site "Seefeld"]
[Date "2003.09.21"]
[Round "9"]
[White "Papp, Csaba"]
[Black "Laengl, Juergen"]
[Result "0-1"]
[WhiteElo "2090"]
[BlackElo "2233"]
[PlyCount "48"]
[EventDate "2003.09.13"]
[EventType "swiss"]
[EventRounds "9"]
[EventCountry "AUT"]
[SourceTitle "CBM 097 Extra"]
[Source "ChessBase"]
[SourceDate "2004.01.13"]
[SourceVersion "1"]
[SourceVersionDate "2004.01.13"]
[SourceQuality "1"]

1. e4 e6 2. b3 d5 3. Bb2 dxe4 4. Nc3 Nf6 5. Qe2 Bd7 6. 0-0-0 Bc6 7. d3 exd3 8. Rxd3 Bd6 9. h4 Qe7 10. Nf3 Bxf3 11. Qxf3 c6 12. g4 Ba3 13. g5 Nd5 14. Ne4 Nd7 15. c4 Ne5 16. Qg3 Nxd3+ 17. Bxd3 Nb4 18. Nd6+ Qxd6 19. Qxd6 Nxa2+ 20. Kb1 Bxd6 21. Kxa2 0-0 22. h5 Bf4 23. g6 fxg6 24. hxg6 h6 0-1

[Event "Seefeld op 14th"]
[Site "Seefeld"]
[Date "2003.09.18"]
[Round "6"]
[White "Timoscenko, Gennadij A"]
[Black "Laengl, Juergen"]
[Result "1-0"]
[WhiteElo "2530"]
[BlackElo "2233"]
[PlyCount "87"]
[EventDate "2003.09.13"]
[EventType "swiss"]
[EventRounds "9"]
[EventCountry "AUT"]
[SourceTitle "CBM 097 Extra"]
[Source "ChessBase"]
[SourceDate "2004.01.13"]
[SourceVersion "1"]
[SourceVersionDate "2004.01.13"]
[SourceQuality "1"]

1. c4 c6 2. d4 d5 3. Nc3 Nf6 4. Bg5 e6 5. e3 Nbd7 6. Nf3 Be7 7. Qc2 0-0 8. Rd1 Re8 9. a3 a6 10. h3 b5 11. c5 Nh5 12. Bxe7 Rxe7 13. Bd3 Nf8 14. Ne5 Qc7 15. Qe2 Nf6 16. 0-0 N6d7 17. Nxd7 Bxd7 18. e4 Be8 19. e5 f6 20. exf6 gxf6 21. f4 f5 22. Nb1 Rg7 23. Nd2 Bf7 24. Rde1 Ng6 25. Qf2 Kh8 26. Kh2 Rag8 27. g3 h6 28. Rg1 Nf8 29. Nf3 Nd7 30. Ne5 Nf6 31. g4 fxg4 32. Qh4 g3+ 33. Rxg3 Nh5 34. Rxg7 Rxg7 35. Be2 Ng3 36. Qxh6+ Kg8 37. Rg1 Nf5 38. Rxg7+ Nxg7 39. Bd3 Qa5 40. b4 Qxa3 41. Qh7+ Kf8 42. Nd7+ Ke8 43. Qxg7 Qxd3 44. Qxf7+ 1-0

[Event "Seefeld op 14th"]
[Site "Seefeld"]
[Date "2003.09.16"]
[Round "4"]
[White "Laengl, Juergen"]
[Black "Molnar, Bela"]
[Result "1/2-1/2"]
[WhiteElo "2233"]
[BlackElo "2394"]
[PlyCount "111"]
[EventDate "2003.09.13"]
[EventType "swiss"]
[EventRounds "9"]
[EventCountry "AUT"]
[SourceTitle "CBM 097 Extra"]
[Source "ChessBase"]
[SourceDate "2004.01.13"]
[SourceVersion "1"]
[SourceVersionDate "2004.01.13"]
[SourceQuality "1"]

1. d4 Nf6 2. Nc3 d5 3. Bg5 e6 4. e4 Bb4 5. e5 h6 6. Be3 Ne4 7. Qg4 Kf8 8. a3 Ba5 9. Nge2 c5 10. b4 Nxc3 11. Nxc3 cxb4 12. Nd1 Qc7 13. Bd2 Nc6 14. axb4 Bxb4 15. c3 Be7 16. Ne3 Rb8 17. Bd3 b5 18. 0-0 b4 19. cxb4 Bxb4 20. Bxb4+ Rxb4 21. Rfc1 Bd7 22. Rab1 a5 23. Nc2 Rb6 24. Na3 Rb4 25. Nc2 Rb6 26. Na3 Rxb1 27. Rxb1 Nb4 28. Nb5 Bxb5 29. Bxb5 Qc2 30. Ra1 Na2 31. Qe2 Qxe2 32. Bxe2 Nc3 33. Rxa5 g6 34. Ra8+ Kg7 35. Rxh8 Kxh8 36. Kf1 g5 37. Bd3 Kg7 38. Ke1 f6 39. exf6+ Kxf6 40. Kd2 Na4 41. Bb5 Nb6 42. f3 Nc8 43. Ke3 Ne7 44. Bd3 Nc6 45. Bb5 Ne7 46. Bd3 e5 47. g3 Nc6 48. dxe5+ Kxe5 49. f4+ gxf4+ 50. gxf4+ Kd6 51. Bb5 Nd8 52. Bd3 Ne6 53. Bf5 Ng7 54. Bg6 Ne6 55. Bf5 Nxf4 56. Kxf4 1/2-1/2

[Event "Seefeld op 14th"]
[Site "Seefeld"]
[Date "2003.09.13"]
[Round "1"]
[White "Laengl, Juergen"]
[Black "Mauracher, Dieter"]
[Result "1-0"]
[WhiteElo "2233"]
[BlackElo "1984"]
[PlyCount "101"]
[EventDate "2003.09.13"]
[EventType "swiss"]
[EventRounds "9"]
[EventCountry "AUT"]
[SourceTitle "CBM 097 Extra"]
[Source "ChessBase"]
[SourceDate "2004.01.13"]
[SourceVersion "1"]
[SourceVersionDate "2004.01.13"]
[SourceQuality "1"]

1. d4 Nf6 2. Nc3 d5 3. Bg5 Bf5 4. f3 Nbd7 5. Nxd5 Nxd5 6. e4 Bxe4 7. fxe4 N5b6 8. Nf3 g6 9. Qd2 Bg7 10. Bh6 0-0 11. h4 Nf6 12. e5 Nh5 13. Bd3 Qd5 14. b3 c6 15. Bxg7 Kxg7 16. a4 Qe6 17. c4 Qg4 18. a5 Nd7 19. Qg5 Qf4 20. Qxf4 Nxf4 21. Bf1 Rfd8 22. g3 Nh5 23. Kf2 f5 24. Bg2 Nf8 25. Rhd1 e6 26. a6 b6 27. b4 Rac8 28. Rac1 Kf7 29. Ng5+ Ke7 30. Bf3 Ng7 31. Nh3 Rc7 32. Nf4 Rdc8 33. Rc2 Nd7 34. Re2 Nb8 35. d5 cxd5 36. cxd5 Rc2 37. d6+ Kd7 38. Rdd2 Rxd2 39. Rxd2 Rc4 40. Nd3 Nc6 41. Nc5+ bxc5 42. Bxc6+ Kd8 43. b5 Rb4 44. Rc2 c4 45. Ke2 Nh5 46. Rc3 h6 47. Kd2 g5 48. Ra3 gxh4 49. gxh4 Nf4 50. Rg3 Rb2+ 51. Kd1 1-0

[Event "Faaker See op 19th"]
[Site "Faaker See"]
[Date "2003.08.11"]
[Round "4"]
[White "Laengl, Juergen"]
[Black "Scholvin, Bjoern"]
[Result "1-0"]
[WhiteElo "2233"]
[BlackElo "2172"]
[PlyCount "99"]
[EventDate "2003.08.09"]
[EventType "swiss"]
[EventRounds "9"]
[EventCountry "AUT"]
[SourceTitle "CBM 095 Extra"]
[Source "ChessBase"]
[SourceDate "2003.09.04"]
[SourceVersion "1"]
[SourceVersionDate "2003.09.04"]
[SourceQuality "1"]

1. d4 d5 2. Nc3 Nf6 3. Bg5 c5 4. Bxf6 gxf6 5. e4 dxe4 6. dxc5 Qa5 7. Qh5 f5 8. Bb5+ Nc6 9. a3 Bg7 10. Nge2 0-0 11. 0-0 Nd4 12. b4 Qc7 13. Nd5 Qe5 14. Nxd4 Qxd5 15. Rad1 Bxd4 16. c3 Bxf2+ 17. Rxf2 Qe5 18. Bd7 e6 19. c4 Bxd7 20. Rxd7 e3 21. Rf1 e2 22. Re1 Qe3+ 23. Kh1 Rad8 24. Rd6 Rxd6 25. cxd6 Qd2 26. Qxe2 Qxd6 27. Rd1 Qf4 28. Kg1 e5 29. g3 Qg4 30. Kf2 f6 31. c5 Rf7 32. Rd8+ Kg7 33. Rd6 Qh3 34. Kg1 Qh6 35. Rd1 Qg5 36. Qf3 Re7 37. Rf1 Kg6 38. Qb3 Rd7 39. Qg8+ Rg7 40. Qe8+ Kh6 41. Qd8 f4 42. Kh1 Rg6 43. Qf8+ Kh5 44. Qc8 f5 45. Qxb7 h6 46. gxf4 exf4 47. Qf3+ Kh4 48. Qxf4+ Qxf4 49. Rxf4+ Kg5 50. Rd4 1-0

[Event "Faaker See op 19th"]
[Site "Faaker See"]
[Date "2003.08.10"]
[Round "3"]
[White "Oberndoerfer, Frank"]
[Black "Laengl, Juergen"]
[Result "0-1"]
[WhiteElo "2140"]
[BlackElo "2233"]
[PlyCount "77"]
[EventDate "2003.08.09"]
[EventType "swiss"]
[EventRounds "9"]
[EventCountry "AUT"]
[SourceTitle "CBM 095 Extra"]
[Source "ChessBase"]
[SourceDate "2003.09.04"]
[SourceVersion "1"]
[SourceVersionDate "2003.09.04"]
[SourceQuality "1"]

1. d4 d5 2. Nf3 Nf6 3. c3 c6 4. Bf4 e6 5. Nbd2 Nh5 6. Be5 f6 7. Bxb8 Rxb8 8. e3 g6 9. Bd3 Bd6 10. Nh4 f5 11. Nhf3 Nf6 12. Ne5 Bxe5 13. dxe5 Nd7 14. f4 Qb6 15. Qe2 Qxb2 16. 0-0 Qxc3 17. Rfc1 Qa3 18. Nb3 Qe7 19. g4 c5 20. gxf5 gxf5 21. Bb5 b6 22. Kh1 Bb7 23. Qh5+ Kd8 24. h3 Rg8 25. Rg1 Kc7 26. Kh2 Rbf8 27. a4 a6 28. Bxd7 Kxd7 29. a5 b5 30. Rxg8 Rxg8 31. Nxc5+ Kc7 32. Rc1 Kb8 33. Qh6 d4 34. Rc2 Qxc5 35. Rxc5 Rg2+ 36. Kh1 Rg6+ 37. Kh2 Rxh6 38. exd4 Rg6 39. h4 0-1

[Event "Seefeld op 11th"]
[Site "Seefeld"]
[Date "2000.09.20"]
[Round "5"]
[White "Dittmar, Peter"]
[Black "Laengl, Juergen"]
[Result "1-0"]
[WhiteElo "2364"]
[BlackElo "2211"]
[PlyCount "103"]
[EventDate "2000.09.16"]
[EventType "swiss"]
[EventRounds "9"]
[EventCountry "AUT"]
[SourceTitle "EXT 2001"]
[Source "ChessBase"]
[SourceDate "2000.11.22"]
[SourceVersion "1"]
[SourceVersionDate "2000.11.22"]
[SourceQuality "1"]

1. c4 e6 2. Nc3 d5 3. e3 Nf6 4. Nf3 Nbd7 5. cxd5 exd5 6. b3 c6 7. Bb2 Bd6 8. Qc2 0-0 9. Be2 Re8 10. 0-0 a5 11. Nd4 Nc5 12. Nf5 Bxf5 13. Qxf5 a4 14. bxa4 Nxa4 15. Nxa4 Rxa4 16. Qc2 Qa5 17. Bxf6 gxf6 18. d4 Kg7 19. Bd1 Ra3 20. Qf5 Qc7 21. h3 Qc8 22. Qh5 Bb8 23. Bc2 h6 24. Kh1 Qc7 25. g3 Qa5 26. Qf5 Rxa2 27. Qh7+ Kf8 28. Qxh6+ Ke7 29. Rxa2 Qxa2 30. Qh7 b5 31. Kg2 b4 32. Qd3 Bd6 33. Bb3 Qa8 34. Rc1 Rh8 35. h4 Rh5 36. Qd1 Rh8 37. Qc2 Qa3 38. Rb1 Qa6 39. Rc1 Qa3 40. e4 Rg8 41. exd5 cxd5 42. Re1+ Kf8 43. Re3 Qa8 44. Qf5 Qb7 45. Qxf6 Qd7 46. Rf3 Bc7 47. Rf5 Qe7 48. Bxd5 Rg7 49. Qh6 Kg8 50. Rh5 Rxg3+ 51. fxg3 Qe2+ 52. Kh3 1-0

[Event "Seefeld op 11th"]
[Site "Seefeld"]
[Date "2000.09.17"]
[Round "2"]
[White "Laengl, Juergen"]
[Black "Schoerghuber, Kurt"]
[Result "1-0"]
[WhiteElo "2211"]
[BlackElo "1677"]
[PlyCount "53"]
[EventDate "2000.09.16"]
[EventType "swiss"]
[EventRounds "9"]
[EventCountry "AUT"]
[SourceTitle "EXT 2001"]
[Source "ChessBase"]
[SourceDate "2000.11.22"]
[SourceVersion "1"]
[SourceVersionDate "2000.11.22"]
[SourceQuality "1"]

1. d4 d5 2. Nc3 c5 3. Nf3 Nc6 4. e3 Bg4 5. Be2 e6 6. 0-0 f5 7. Re1 a6 8. a4 Bd6 9. dxc5 Bxc5 10. Nd4 Bxe2 11. Ncxe2 Qf6 12. Nf4 Nd8 13. Bd2 Ne7 14. Bc3 Qf7 15. Nf3 Nec6 16. Ng5 Qe7 17. Qh5+ Kd7 18. Rad1 Bb4 19. Bxb4 Nxb4 20. c3 Nbc6 21. Ngxe6 g6 22. Qf3 Nxe6 23. Qxd5+ Kc7 24. Qxe6 Qxe6 25. Nxe6+ Kb6 26. b4 Rhe8 27. a5+ 1-0

[Event "Bad Woerishofen op 16th"]
[Site "Bad Woerishofen"]
[Date "2000.03.22"]
[Round "6"]
[White "Laengl, Juergen"]
[Black "Schenk, Uwe"]
[Result "1-0"]
[WhiteElo "2229"]
[BlackElo "2152"]
[PlyCount "57"]
[EventDate "2000.03.??"]
[EventType "swiss"]
[EventRounds "9"]
[EventCountry "GER"]
[SourceTitle "CBM 075 Extra"]
[Source "ChessBase"]
[SourceDate "2000.05.11"]
[SourceVersion "2"]
[SourceVersionDate "2000.05.11"]
[SourceQuality "1"]

1. d4 Nf6 2. Nc3 d5 3. Bg5 Nbd7 4. Qd3 h6 5. Bh4 c5 6. Nf3 e6 7. e3 Be7 8. Be2 b6 9. e4 Bb7 10. e5 Ne4 11. Bxe7 Qxe7 12. 0-0 0-0 13. Rad1 cxd4 14. Qxd4 Nxc3 15. Qxc3 Rfc8 16. Qd2 Nc5 17. Qb4 Rc7 18. Nd4 Ba6 19. Qe1 Qe8 20. Bxa6 Nxa6 21. f4 g6 22. Rd3 Qe7 23. Rh3 Kg7 24. f5 exf5 25. Rxf5 Rc4 26. Rf4 Re8 27. Rhf3 Nb4 28. Qg3 Nc6 29. Nf5+ 1-0

[Event "Seefeld op 11th"]
[Site "Seefeld"]
[Date "2000.??.??"]
[Round "7"]
[White "Ferrari, Josef"]
[Black "Laengl, Juergen"]
[Result "1/2-1/2"]
[WhiteElo "2130"]
[BlackElo "2210"]
[PlyCount "130"]
[EventDate "2000.09.16"]
[EventType "swiss"]
[EventRounds "9"]
[EventCountry "AUT"]
[SourceTitle "EXT 2015"]
[Source "ChessBase"]
[SourceDate "2014.11.20"]
[SourceVersion "1"]
[SourceVersionDate "2014.11.20"]
[SourceQuality "1"]

1. d4 d5 2. Nf3 Nf6 3. g3 e6 4. Bg2 Be7 5. c4 0-0 6. 0-0 dxc4 7. Qc2 a6 8. Qxc4 b5 9. Qc2 Bb7 10. Bf4 Nc6 11. Nc3 Nb4 12. Qc1 c5 13. dxc5 Bxc5 14. a3 Nc6 15. b4 Bb6 16. Rd1 Qc8 17. e3 h6 18. Qb2 Re8 19. Bd6 Bc7 20. Rac1 Rd8 21. Bxc7 Qxc7 22. Ne2 Rxd1+ 23. Rxd1 Nd5 24. Ned4 Nxd4 25. Nxd4 Rc8 26. Nb3 Nb6 27. Bxb7 Na4 28. Qd4 Qxb7 29. Qd6 Nc3 30. Nc5 Qf3 31. Re1 g6 32. Qd3 Nd5 33. Qd4 Kh7 34. e4 Nc3 35. Qe3 Qxe3 36. Rxe3 Nb1 37. Rd3 a5 38. Rd7 Kg8 39. Rd3 Kf8 40. Kf1 axb4 41. axb4 Ra8 42. Nd7+ Kg7 43. Ne5 Ra4 44. Rd7 Rxb4 45. f3 Rb2 46. Rxf7+ Kg8 47. Rf6 b4 48. Rxg6+ Kh7 49. Rxe6 b3 50. Re7+ Kg8 51. Rb7 Nd2+ 52. Ke1 Ra2 53. Nd3 Nxf3+ 54. Kf1 Nxh2+ 55. Ke1 Nf3+ 56. Kf1 Nd2+ 57. Ke1 Nxe4 58. Rxb3 Nxg3 59. Nb2 Nf5 60. Kf1 Kg7 61. Rb6 Ne3+ 62. Kg1 h5 63. Nd3 Rg2+ 64. Kh1 Rg4 65. Rb4 Nc4 1/2-1/2

[Event "Seefeld op 10th"]
[Site "Seefeld"]
[Date "1999.09.12"]
[Round "2"]
[White "Laengl, Juergen"]
[Black "Timoscenko, Gennadij A"]
[Result "1/2-1/2"]
[WhiteElo "2248"]
[BlackElo "2536"]
[PlyCount "97"]
[EventDate "1999.09.11"]
[EventType "swiss"]
[EventRounds "9"]
[EventCountry "AUT"]
[SourceTitle "EXT 2001"]
[Source "ChessBase"]
[SourceDate "2000.11.22"]
[SourceVersion "1"]
[SourceVersionDate "2000.11.22"]
[SourceQuality "1"]

1. d4 Nf6 2. Nc3 d5 3. Bg5 Nbd7 4. Qd3 g6 5. 0-0-0 Bg7 6. h4 c6 7. f3 Nh5 8. g4 Ng3 9. Rh2 Nxf1 10. Rxf1 Qc7 11. Qe3 e5 12. dxe5 Nxe5 13. Qc5 f6 14. Bf4 Qb6 15. Qxb6 axb6 16. a3 h5 17. gxh5 Rxh5 18. e4 d4 19. Nce2 c5 20. Rg2 Kf7 21. Bxe5 Rxe5 22. Ng3 Re8 23. h5 gxh5 24. Nxh5 Bh6+ 25. Kb1 Bd7 26. Rh2 Be3 27. Ne2 Rh8 28. Rfh1 Rag8 29. Nhf4 Rxh2 30. Rxh2 Bc6 31. b3 f5 32. Rh5 fxe4 33. Rf5+ Kg7 34. Rg5+ Kh7 35. Rh5+ Kg7 36. Rg5+ Kf7 37. Rf5+ Ke8 38. fxe4 Rf8 39. Re5+ Kd7 40. Nd5 Kd6 41. Rh5 Rg8 42. Nxe3 dxe3 43. e5+ Kd5 44. Rh3 Ke4 45. Nc3+ Kd4 46. Ne2+ Kxe5 47. Rxe3+ Kd6 48. a4 Rg2 49. Nc3 1/2-1/2